|
|
|
|
| LEADER |
00000nam0a2200000 4500 |
| 001 |
254244 |
| 005 |
20231101232922.0 |
| 020 |
|
|
|a RU
|b 89-54954
|
| 035 |
|
|
|a (RuTPU)RU\TPU\book\276676
|
| 090 |
|
|
|a 254244
|
| 100 |
|
|
|a 20140319d1989 k a0rusy5003 ca
|
| 101 |
0 |
|
|a rus
|
| 102 |
|
|
|a RU
|
| 105 |
|
|
|a a z 001zy
|
| 200 |
1 |
|
|a Гибкая автоматизация производства в машиностроении: опыт, проблематика, системный подход
|f В. И. Лившиц, А. Л. Кривошеин, М. Л. Прегер
|g Томский политехнический институт (ТПИ)
|
| 210 |
|
|
|a Томск
|c Изд-во Том. ун-та
|d 1989
|
| 215 |
|
|
|a 262 с.
|c ил.
|
| 320 |
|
|
|a Библиогр.: с. 255-261 (131 назв.)
|
| 606 |
1 |
|
|a Машиностроительные заводы
|x Планирование
|x Сетевые методы
|2 stltpush
|3 (RuTPU)RU\TPU\subj\41585
|9 61374
|
| 610 |
1 |
|
|a гибкие производственные системы
|
| 610 |
1 |
|
|a машиностроение
|
| 610 |
1 |
|
|a автоматизация
|
| 610 |
1 |
|
|a системотехника
|
| 610 |
1 |
|
|a производственно-технологические структуры
|
| 610 |
1 |
|
|a технологическая информация
|
| 675 |
|
|
|a 621.002:658.52
|z rus
|
| 700 |
|
1 |
|a Лившиц
|b В. И.
|g Виктор Исаакович
|
| 701 |
|
1 |
|a Кривошеин
|b А. Л.
|g Алексей Львович
|
| 701 |
|
1 |
|a Прегер
|b М. Л.
|g Михаил Львович
|
| 712 |
0 |
2 |
|a Томский политехнический институт (ТПИ)
|c (1944-1991)
|2 stltpush
|3 (RuTPU)RU\TPU\col\1123
|
| 801 |
|
0 |
|a RU
|b RuMRKP
|c 19950417
|g psbo
|
| 801 |
|
1 |
|a RU
|b 63413507
|c 20140319
|
| 801 |
|
2 |
|a RU
|b 63413507
|c 20140708
|g RCR
|
| 942 |
|
|
|c BK
|